00812nam a22002297a 450000500170000001000130001702000210003003500130005103700160006404000120008008200170009210000310010924500600014026000430020027000770024330000240032065000230034465000440036794200260041199900190043795201260045620170124110005.0 aA-584851 c75.00a818529500 aA-584851 bCen Lib/Ret aDPLbEN a342.083bVEN aVenkatramaiah, E.S.916748 aCitizenship - rights and dutiescby E.S. Venkataramiah  aBanglore bB.V. Naga Publishers c1988 bBanglore a27, serpentine road, kumara park park west extention e560020 axvi, 95p.c21cm(Hb) aCitizenship916749 aCitizens and fundamental rights 916750 2ddccENh342.083mVEN c126156d126156 00104070aLbLd2015-06-24eCen Lib/Retg75.00l0o342.083 VENpA-584851r2015-06-24 00:00:00t1v75.00w2015-06-24yEN